Les personnages du film Les Éternels - #26 - Statistiques

Statistiques générales
  • Ce quiz a été pris 6 fois
    4 depuis la dernière actualisation
  • Le résultat moyen est 15 sur 20
Statistiques - réponses
Réponse % Correct
Ajak
100%
Arishem
100%
Druig
100%
Gilgamesh
100%
Ikaris
100%
Kingo
100%
Makkari
100%
Phastos
100%
Sersi
100%
Sprite
100%
Théna
100%
Ben
75%
Dane Whitman / Chevalier Noir
75%
Kro
75%
Eros / Starfox
50%
Pip le Troll
50%
Eric Brooks / Blade
25%
Jack
25%
Karun Patel
25%
Tiamut
25%
Aucun quiz correspondant
Distribution des résultats
% des personnes avec chaque résultat
Percentile par nombre de réponses
Votre historique - résultats
Vous n’avez pas pris ce quiz depuis la dernière actualisation